Catalogue [nº 406] de livres anciens en vente aux prix marqués (Record no. 185219)

MARC details
000 -LEADER
campo de control de longitud fija 00622nam a2200169 i 4500
001 - NÚMERO DE CONTROL
campo de control 185219
003 - IDENTIFICADOR DE NÚMERO DE CONTROL
campo de control ES-MaACL
005 - FECHA Y HORA DE LA ÚLTIMA TRANSACCIÓN
campo de control 20230906222355.0
008 - DATOS DE LONGITUD FIJA--INFORMACIÓN GENERAL
campo de control de longitud fija 160419q1914 ne |||| | fre d
110 2# - ENTRADA PRINCIPAL--NOMBRE DE ENTIDAD CORPORATIVA
Nombre de entidad corporativa o nombre de jurisdicción como elemento de entrada Martinus Nijhoff (La Haya)
9 (RLIN) 159006
245 10 - MENCIÓN DEL TÍTULO
Título Catalogue [nº 406] de livres anciens en vente aux prix marqués
Resto del título : livres en langue portugaise et sur le Portugal et ses colonies.
260 ## - PUBLICACIÓN, DISTRIBUCIÓN, ETC.
Lugar de publicación, distribución, etc. La Haye :
Nombre del editor, distribuidor, etc. Marinus Nijhoff, [1914?]
300 ## - DESCRIPCIÓN FÍSICA
Extensión 84 p. ;
Dimensiones 23 cm.
610 24 - PUNTO DE ACCESO ADICIONAL DE MATERIA--NOMBRE DE ENTIDAD CORPORATIVA
Nombre de entidad corporativa o nombre de jurisdicción como elemento de entrada Martinus Nijhoff (La Haya)-
Subdivisión de forma Catálogos.
9 (RLIN) 159007
650 #4 - PUNTO DE ACCESO ADICIONAL DE MATERIA--TÉRMINO DE MATERIA
Término de materia o nombre geográfico como elemento de entrada Libros-
Subdivisión de forma Catálogos comerciales.
9 (RLIN) 159004
852 ## - LOCALIZACIÓN
Ubicación ES-MaACL
Número de control de estantería 1513-F-5
Holdings
Estatus retirado Estado de pérdida Estado de daño No para préstamo Colección Biblioteca de origen Biblioteca actual Ubicación en estantería Fecha de adquisición Fuente de adquisición Total de préstamos Signatura topográfica completa Código de barras Visto por última vez Precio de reemplazo Tipo de ítem Koha
        Colección de folletos Biblioteca del Ateneo de Madrid Biblioteca del Ateneo de Madrid Depósito folletos 19/04/2016     1513-F-5 1195121 23/02/2023 23/02/2023 Folleto